<The> Calculation of the output gap in the machinery sector of the Slovak Republic

Kalkulácia a vývoj produkčnej medzery Cobb-Douglasovou funkciou. Strojársky sektor na Slovensku v období 2000-2012.

Guardado en:
Detalles Bibliográficos
Autor principal: Kafková, Eva
Otros Autores: Hudák, Igor, 1985-
Formato: Capítulo de libro
Lenguaje:inglés
Materias:
Etiquetas: Agregar Etiqueta
Sin Etiquetas, Sea el primero en etiquetar este registro!

MARC

LEADER 00000nla a2200000 4500
001 0179270
005 20240502083422.4
041 0 |a eng 
044 |a CZ 
245 1 0 |a <The> Calculation of the output gap in the machinery sector of the Slovak Republic  |c Eva Kafková, Igor Hudák 
520 |a Kalkulácia a vývoj produkčnej medzery Cobb-Douglasovou funkciou. Strojársky sektor na Slovensku v období 2000-2012. 
610 2 0 |a kalkulácia 
610 2 0 |a výroba 
610 2 0 |a priemysel strojársky 
610 2 0 |a funkcia Cobb-Douglasova 
610 2 0 |a rast hospodársky 
610 2 0 |a výkonnosť ekonomiky 
610 2 0 |a Slovensko 
100 1 |a Kafková, Eva 
700 1 |a Hudák, Igor, 1985-